01109nabaa22002057a 4500003000400000005001700004008004100021040000700062100002700069245018500096300001100281500003700292505012400329505015100453505008900604650002700693650004000720650002900760773011400789OSt20260125004918.0190701b xxu||||| |||| 00| 0 spa d cPJ aSundblad, Juan José 10aAcerca de los sujetos obligados de la ley 27.275 de acceso a la información pública :b¿se limitan sus obligaciones a la entrega de la información? /cJuan José Sundblad.  ap. 169 aCita: TR LALEY AR/DOC/1645/2024  a Sumario: I. Introducción.— II. Antecedentes fácticos.— III. Análisis de la cuestión.— IV. Conclusión.  aFallo comentado: CNFed. Contenciosoadministrativo ~ sala V, 24/10/2023 ~ Rodríguez, Gonzalo Martín c. INDEC (ley 17.622) s/ amparo ley 16.986. t¿Te interesa el texto completo? Comunicate al correo: koha@justierradelfuego.gov.ar 0aDERECHO ADMINISTRATIVO 0aACCESO A LA INFORMACIÓN PÚBLICA 0aJURISPRUDENCIA APLICABLE0 02842dBuenos Aires : AbeledoPerrot, 2012-oDA121tDerecho administrativo. Nº 154 julio/agosto 2024z18510590